Dr. Pestana's Surgery Notes (Record no. 387)

000 -LEADER
fixed length control field 00694nam a22002537a 4500
003 - CONTROL NUMBER IDENTIFIER
control field OSt
005 - DATE AND TIME OF LATEST TRANSACTION
control field 20210419121356.0
008 - FIXED-LENGTH DATA ELEMENTS--GENERAL INFORMATION
fixed length control field 201124s2018 ||||| |||| 00| 0 eng d
020 ## - INTERNATIONAL STANDARD BOOK NUMBER
International Standard Book Number 9781506235912
040 ## - CATALOGING SOURCE
Original cataloging agency eng
Language of cataloging eng
Transcribing agency DLC
041 ## - LANGUAGE CODE
Language code of text/sound track or separate title eng
080 ## - UNIVERSAL DECIMAL CLASSIFICATION NUMBER
Universal Decimal Classification number 617
Item number K-20
100 ## - MAIN ENTRY--PERSONAL NAME
9 (RLIN) 273
Personal name Pestana, Carlos
245 ## - TITLE STATEMENT
Title Dr. Pestana's Surgery Notes
Remainder of title : Top 180 Vignettes for the Surgical Wards
Statement of responsibility, etc. / by: Kaplan Medical
250 ## - EDITION STATEMENT
Edition statement 4th edition
260 ## - PUBLICATION, DISTRIBUTION, ETC.
Place of publication, distribution, etc. New York
Name of publisher, distributor, etc. Kaplan Medical
Date of publication, distribution, etc. 2018
300 ## - PHYSICAL DESCRIPTION
Extent 250 p.
365 ## - TRADE PRICE
Price amount 34.99 usd
650 #0 - SUBJECT ADDED ENTRY--TOPICAL TERM
9 (RLIN) 103
Topical term or geographic name entry element Surgery
650 #0 - SUBJECT ADDED ENTRY--TOPICAL TERM
9 (RLIN) 69
Topical term or geographic name entry element Medicine
653 ## - INDEX TERM--UNCONTROLLED
Uncontrolled term ქირურგია
653 ## - INDEX TERM--UNCONTROLLED
Uncontrolled term მედიცინა
942 ## - ADDED ENTRY ELEMENTS (KOHA)
Source of classification or shelving scheme
Koha item type Books
Edition 4
Holdings
Withdrawn status Lost status Source of classification or shelving scheme Damaged status Not for loan Permanent location Current location Date acquired Inventory number Total Checkouts Full call number Barcode Date last seen Price effective from Koha item type
          Ken Walker International University Ken Walker International University 11/24/2020 1060   617 K-20 1060 11/24/2020 11/24/2020 Books
          Ken Walker International University Ken Walker International University 11/24/2020 2052   617 K-20 2052 11/24/2020 11/24/2020 Books
          Ken Walker International University Ken Walker International University 11/24/2020 1059   617 K-20 1059 11/24/2020 11/24/2020 Books
          Ken Walker International University Ken Walker International University 11/24/2020 1061   617 K-20 1061 11/24/2020 11/24/2020 Books

Powered by Koha